Histoire de l'Empire Ottoman depuis les origines jusqu'a nos jours /
Main Author:
Format: Book
Language: French
Published:
Paris :
Hachette,
1914.
Edition: Nouv. éd. entièrement refondue et complétée. Ouvrage renfermant 6 cartes hors texte.
Series:
Histoire universelle.
Subjects:
Tags: Add Tag
Call Number: DR440 .L3 v.1-2
| LEADER | 00848nam a2200265I 4500 | ||
|---|---|---|---|
| 001 | 11056 | ||
| 003 | OSt | ||
| 005 | 20260122114636.0 | ||
| 008 | 130303s1914 fr b b 000 0 fre d | ||
| 010 | |a 14010913 | ||
| 040 | |c ARCE Library | ||
| 043 | |a a-tu--- | ||
| 050 | 4 | |a DR440 .L3 v.1-2 | |
| 100 | 1 | |a La Jonquière, A., |e author | |
| 245 | 1 | 0 | |a Histoire de l'Empire Ottoman depuis les origines jusqu'a nos jours / |c par Le Vte. de La Jonquière. |
| 250 | |a Nouv. éd. entièrement refondue et complétée. Ouvrage renfermant 6 cartes hors texte. | ||
| 264 | 1 | |a Paris : |b Hachette, |c 1914. | |
| 300 | |a 2 volumes : |b 6 folded maps ; |c 19 cm. | ||
| 490 | 0 | |a Histoire universelle. | |
| 500 | |a Paged continuously. | ||
| 504 | |a "Bibliographie": v.2, p. [714]-727. | ||
| 651 | 0 | |a Turkey |x History. | |
| 901 | |a reviewed | ||
| 942 | |c BK |2 lcc | ||
| 999 | |c 12559 |d 12559 | ||
